[Event "Guernsey Holiday op"]
[Site "Guernsey"]
[Date "2002.10.26"]
[Round "7"]
[White "Herschmann, Heinz"]
[Black "Biswas, Krishnapada"]
[Result "1/2-1/2"]
[WhiteElo "1320"]
[BlackElo "1544"]
[PlyCount "45"]
[EventDate "2002.10.20"]
[EventType "swiss"]
[EventRounds "7"]
[EventCountry "GCI"]
[SourceTitle "EXT 2004"]
[Source "ChessBase"]
[SourceDate "2003.11.25"]
[SourceVersion "1"]
[SourceVersionDate "2003.11.25"]
[SourceQuality "1"]

1. e4 c6 2. d4 d5 3. exd5 cxd5 4. Nf3 Nf6 5. Nc3 Nc6 6. Be2 Bg4 7. 0-0 e6 8. Bf4 Be7 9. h3 Bh5 10. a3 0-0 11. Ne5 Bxe2 12. Nxe2 Rc8 13. Nxc6 Rxc6 14. c3 Re8 15. Ng3 Bd6 16. Qd2 e5 17. dxe5 Bxe5 18. Bxe5 Rxe5 19. Rfe1 Re8 20. Rxe8+ Qxe8 21. Re1 Re6 22. Rxe6 Qxe6 23. Qd4 1/2-1/2

[Event "Guernsey Holiday op"]
[Site "Guernsey"]
[Date "2002.10.25"]
[Round "6"]
[White "Biswas, Krishnapada"]
[Black "Carlucci, Paul A"]
[Result "1/2-1/2"]
[WhiteElo "1544"]
[BlackElo "1712"]
[PlyCount "91"]
[EventDate "2002.10.20"]
[EventType "swiss"]
[EventRounds "7"]
[EventCountry "GCI"]
[SourceTitle "EXT 2004"]
[Source "ChessBase"]
[SourceDate "2003.11.25"]
[SourceVersion "1"]
[SourceVersionDate "2003.11.25"]
[SourceQuality "1"]

1. Nf3 d6 2. d4 g6 3. c4 Bg7 4. Nc3 Nf6 5. e4 0-0 6. Be2 b6 7. h3 Bb7 8. Bd3 Nbd7 9. 0-0 Re8 10. Re1 e5 11. d5 Nc5 12. Bc2 a5 13. b3 Bc8 14. Bb2 Nh5 15. a3 Nf4 16. b4 axb4 17. axb4 Rxa1 18. Bxa1 Na6 19. Qb1 g5 20. Ne2 Nxe2+ 21. Rxe2 Qf6 22. Bd1 g4 23. hxg4 Bxg4 24. Ra2 Nb8 25. Ra8 Bh6 26. Bb2 Qe7 27. Bc1 Qf8 28. Bxh6 Qxh6 29. Nh2 Bd7 30. Bg4 Bxg4 31. Nxg4 Qg5 32. Ra3 Kh8 33. Rg3 Qd2 34. Nf6 Rd8 35. Qd3 Qc1+ 36. Qf1 Qh6 37. Nxh7 Qf4 38. Qe2 Rg8 39. Rxg8+ Kxg8 40. Qh5 Qc1+ 41. Kh2 Qf4+ 42. Kg1 Kg7 43. Ng5 Nd7 44. Qh7+ Kf8 45. Ne6+ fxe6 46. Qxd7 1/2-1/2